LEADER 01256nam a2200265 4500 001 000000354552 003 CaOOAMICUS 005 20230703095126.0 008 230703s1825 it 000 u ita r 026 $eo.a- ".ta r-ed "g"v (3) 1825 (A) 040 $aSeMil$bita 100 1 $aTommaseo, Niccolò,$d<1802-1874>.$0(OLS)http://semarc/name/454 245 13$aIl Perticari confutato da Dante : $bcenni biografici di Niccolò Tommaseo. 264 1$aMilano :$bCoi Tipi de' Fratelli Sonzogno,$c1825. 300 $a68 p. ;$c12° 500 $aSegn.: [1]-3? 4¹?; romano; fregi xilografici 650 4$aAlighieri, Dante <1265-1321> - Lingua.$0(OLS)http://semarc/subject/50314 710 0 $aSonzogno fratelli,$eeditore.$0(OLS)http://semarc/name/117848 850 $aSeMil 852 $aSeMil$W1$xVenegono$y1$m5A IV 9/27$j241883$B245809$CSeMilBibl$Z2$F245809 $8I 961 $aRecupero da Biblioteca Seminario liceale Monza 961 $aEtichetta della Biblioteca del Seminario liceale di Monza 996 $6245$aIl Perticari confutato da Dante : $bcenni biografici di Niccolò Tommaseo$9(OLS)http://semarc/title/444694 996 $6264$aMilano :$bCoi Tipi de' Fratelli Sonzogno$9(OLS)http://semarc/publisher/56270 LEADER 01218nam a2200289 4500 001 000000353704 003 CaOOAMICUS 005 20230530110728.0 008 230510s2023 it 000 u ita r 020 $a978-88-514-2657-6 040 $aSeMil$bita 100 1 $aBove, Marco,$c.$0(OLS)http://semarc/name/25695 245 10$aSorpresi dal Risorto :$bgli incontri pasquali di Gesù /$cMarco Bove. 264 1$aMilano :$bÀncora,$c2023. 300 $a153 p. ;$c19 cm 490 1 $aLe àncore 541 0 $aOmaggio mons. Mario Delpini 650 4$aGesù Cristo - Risurrezione - Apparizioni.$0(OLS)http://semarc/subject/9325 650 4$aBibbia - NT - Vangeli - Gesù Cristo - Resurrezione.$0(OLS)http://semarc/subject/49476 830 3$aLe àncore.$0(OLS)http://semarc/title/9339 850 $aSeMil 852 $aSeMil$W1$xVenegono$y1$m2V VII 36$j269291$B257797$CSeMilBibl$Z2$F257797 $81 941 1 $a7 996 $6020$a978-88-514-2657-6$9(OLS)http://semarc/number/298099 996 $6245$aSorpresi dal Risorto :$bgli incontri pasquali di Gesù$9(OLS)http://semarc/title/443810 996 $6264$aMilano :$bÀncora$9(OLS)http://semarc/publisher/29763